Statistics for Rhymes With Time

Click here to take the quiz!

General Stats

  • This quiz has been taken 294 times
  • The average score is 11 of 13

Answer Stats

Starts WithAnswer% Correct
DDime
98%
LLime
98%
MMime
96%
CCrime
94%
RRhyme
94%
GGrime
91%
CChime
89%
PPrime
89%
II'm
87%
SSlime
84%
CClimb
81%
TThyme
78%
CClime
60%

Score Distribution

Percentile by Number Answered

Percent of People with Each Score

Your Score History

You have not taken this quiz